| 000 -LEADER |
| fixed length control field |
00698nam a22001937a 4500 |
| 008 - FIXED-LENGTH DATA ELEMENTS--GENERAL INFORMATION |
| fixed length control field |
150609b xxu||||| |||| 00| 0 eng d |
| 020 ## - INTERNATIONAL STANDARD BOOK NUMBER |
| International Standard Book Number |
9789280811230 |
| 041 0# - LANGUAGE CODE |
| Language code of text/sound track or separate title |
eng |
| 080 ## - UNIVERSAL DECIMAL CLASSIFICATION NUMBER |
| Universal Decimal Classification number |
623.458 |
| 100 ## - Rafti |
| Rafti |
Thakur, Ramesh Chandra and Haru, Ere. |
| 245 04 - TITLE STATEMENT |
| Title |
The Chemical Weapons Convention : |
| Statement of responsibility, etc |
edited by Ramesh Thakur and Ere Haru. |
| 260 ## - |
| -- |
Tokyo ; |
| -- |
New York : |
| -- |
United Nations University Press, |
| -- |
c2006. |
| 300 ## - |
| -- |
xi, 190 p. ; |
| -- |
24 cm. |
| 650 #0 - |
| -- |
Kontrolla e armëve kimikale |
| -- |
Kongrese |
| 650 #0 - |
| -- |
Kontrolla e armëve kimikale |
| -- |
Kongrese |
| -- |
Verifikim |
| 700 1# - |
| -- |
Thakur, Ramesh Chandra, |
| 700 1# - |
| -- |
Haru, Ere. |
| 942 ## - ADDED ENTRY ELEMENTS (KOHA) |
| Source of classification or shelving scheme |
|
| Item type |
Books |